| 000 | 01092nam a22002777a 4500 | ||
|---|---|---|---|
| 003 | CHAP | ||
| 005 | 20220329141059.0 | ||
| 008 | 971013s r 00010 d | ||
| 010 | _a62312 | ||
| 011 | _a63284 | ||
| 035 | _a67460 | ||
| 040 | _cCHAP | ||
| 100 | 0 | 0 |
_aRodríguez Jiménez, L. Socorro. _998616 |
| 245 |
_aListado florístico del estado de Michoacán _b: sección III (Angiospermae: Connaraceae-Myrtaceae excepto Fagaceae, Gramineae, Krameriaceae y Leguminosae) |
||
| 490 |
_aFlora del Bajío y de Regiones Adyacentes. Fascículo complementario _v; 10 |
||
| 590 |
_aBATCH-UPD _b10 _c20130110 _lUCH01 _h0400 |
||
| 590 |
_aBATCH-UPD _b10 _c20130410 _lUCH01 _h0033 |
||
| 590 |
_aBATCH-UPD _b10 _c20130914 _lUCH01 _h1416 |
||
| 590 |
_aCONVERSION _b10 _c20130109 _lUCH01 _h1333 |
||
| 700 | 0 |
_aEspinosa Garduño, Judith. _937938 |
|
| 830 | 0 |
_aFlora del Bajío y de Regiones Adyacentes. Fascículo complementario _v; 10 _941325 |
|
| 852 | 2 |
_yISSUE _d2012-12-17 _503 |
|
| 901 | _aBK | ||
| 942 | _cISSUE | ||
| 949 |
_bBC _cPS _d-152612 _ePS _i67460 _si _t40.00 |
||
| 999 |
_c62312 _d62312 |
||